00397nam a2200181Ia 4500003000900000008004100009040001300050040001300063041000800076100001900084245003900103250002200142260001500164260000900179300001100188300001000199490000600209IT-RoPAU120407s9999 xx 000 0 und d aIT-RoPAU cIT-RoPAU aeng aBenhard Haring 4aThe liberty of the children of God aStaten Island, NY aAlba House c1966 a135 p. c19 cm v1